00523nam a22001697a 450000500170000001000130001702000260003003500130005603700090006908200110007810000220008924500940011126000280020527000330023330000370026650000500030320210603153952.0 aB-739968 a9780415308502c325.00 aB-739968 bGift a305.42 aPollock, Griselda aVision and difference:bfemininity, feminism, and histories of art /cby Griselda Pollock aLondonbRoutledgec2006 a11 New Fetter Lane, bLondon axxxviii, 320p.:bill.c20cm(pbk) aincludes bibliographical references and index